000 01083cam a22002292a 4500
001 hopefulstenpresi00robi
003 CaSfIA
005 20210118100808.0
007 cr||||
008 890303s1966 xxu | 000 ||eng|d
035 _a(UK-BiTAL)6d8a1702b1704a9683c9ef04ff609684
035 _a()z275180x
040 _aEA
_cEA
_dEA
_dUK-BiTAL
_dBIBLIOS
_dCaSfIA
100 1 _aRobinson, Lloyd.
245 0 4 _aThe hopefuls :
_h[electronic resource]
_bten presidential campaigns.
260 _aNew York :
_bDoubleday,
_c1966.
856 4 1 _uhttp://www.archive.org/details/hopefulstenpresi00robi
_zFree eBook from the Internet Archive
856 4 2 _uhttp://www.openlibrary.org/books/OL24370692M
_zAdditional information and access via Open Library
942 _cEB
506 _fНеобхідна авторизація на https://archive.org/ (створення облікового запису безкоштовно)
506 _fНеобхідна авторизація на https://openlibrary.org/ (створення облікового запису безкоштовно)
999 _c507735
_d507735